Vins par pays - Statistiques

Statistiques générales
  • Ce quiz a été pris 818 fois
  • Le résultat moyen est 7 sur 12
Statistiques - réponses
Hint Réponse % Correct
Bordeaux France
97%
Spätburgunder Allemagne
91%
Prosecco Italie
87%
Shaoxing Chine
77%
Rioja Espagne
73%
Koshu Japon
72%
Napa Valley Cabernet Sauvignon états-unis
64%
Marlborough Sauvignon Blanc Nouvelle-Zélande
40%
Malbec Argentine
39%
Penfolds Grange Australie
38%
Pinotage Afrique du sud
30%
Maipo Valley Cabernet Sauvignon Chili
17%
Aucun quiz correspondant
Distribution des résultats
% des personnes avec chaque résultat
Percentile par nombre de réponses
Votre historique - résultats
Vous n’avez pas pris ce quiz